000 00760nam a22002417a 4500
005 20160404145841.0
010 _aENG-115036
020 _a9789339219543
_c650.00
020 _a9339219546
_c650.00
035 _aEN-98568
037 _bDBAD/PUB
082 _a621.3815
100 _aMillman, Jacob
245 _aMillman's electronic devices and circuits /
_cby Jacob Millman, Christos C Halkias [and] Satyabrata Jit
250 _a4th ed
260 _aNew Delhi
_bMcGraw Hill Education
_c2015
270 _aP-24, Green Park Extension
_bNew Delhi
_e110016
300 _avarious pagings :
_c24cm(pbk)
_bill.
500 _aIncludes index
700 _aHalkias, Christos C.
700 _aJit, Satyabrata
942 _2ddc
_cEN
_mMIL
_h621.3815
999 _c99377
_d99377